Fundamentals of corporate finance / (Record no. 4815)
[ view plain ]
| 000 -LEADER | |
|---|---|
| fixed length control field | 01116cam a22003134a 4500 |
| 001 - CONTROL NUMBER | |
| control field | 14060990 |
| 005 - DATE AND TIME OF LATEST TRANSACTION | |
| control field | 20160924144146.0 |
| 008 - FIXED-LENGTH DATA ELEMENTS--GENERAL INFORMATION | |
| fixed length control field | 050802s2007 maua b 001 0 eng |
| 010 ## - LIBRARY OF CONGRESS CONTROL NUMBER | |
| LC control number | 2005053133 |
| 020 ## - INTERNATIONAL STANDARD BOOK NUMBER | |
| International Standard Book Number | 978-007-126426-6 |
| 040 ## - CATALOGING SOURCE | |
| Original cataloging agency | DLC |
| Transcribing agency | DLC |
| Modifying agency | DLC |
| 042 ## - AUTHENTICATION CODE | |
| Authentication code | pcc |
| 050 00 - LIBRARY OF CONGRESS CALL NUMBER | |
| Classification number | HG4026 |
| Item number | .B6668 2007 |
| 082 00 - DEWEY DECIMAL CLASSIFICATION NUMBER | |
| Classification number | DC 658.15 |
| Edition number | 2007 |
| Item number | B74f |
| 100 1# - MAIN ENTRY--PERSONAL NAME | |
| Personal name | Brealey, Richard A. |
| 245 10 - TITLE STATEMENT | |
| Title | Fundamentals of corporate finance / |
| Statement of responsibility, etc. | Richard A. Brealey...[and two others] |
| 246 30 - VARYING FORM OF TITLE | |
| Title proper/short title | Corporate finance |
| 250 ## - EDITION STATEMENT | |
| Edition statement | Fifth Edition |
| 260 ## - PUBLICATION, DISTRIBUTION, ETC. (IMPRINT) | |
| Place of publication, distribution, etc. | Boston : |
| Name of publisher, distributor, etc. | McGraw-Hill/Irwin, |
| Date of publication, distribution, etc. | 2007. |
| 300 ## - PHYSICAL DESCRIPTION | |
| Extent | xxx, 722 p. : |
| Other physical details | illustrations; |
| Dimensions | 26 cm. |
| 440 #4 - SERIES STATEMENT/ADDED ENTRY--TITLE | |
| Title | The McGraw-Hill/Irwin series in finance, insurance, and real estate |
| 500 ## - GENERAL NOTE | |
| General note | Includes bibliographical references and index. |
| 650 #0 - SUBJECT ADDED ENTRY--TOPICAL TERM | |
| Topical term or geographic name as entry element | Corporations |
| General subdivision | Finance. |
| 700 1# - ADDED ENTRY--PERSONAL NAME | |
| Personal name | Myers, Stewart C. |
| 700 1# - ADDED ENTRY--PERSONAL NAME | |
| Personal name | Marcus, Alan J. |
| 906 ## - LOCAL DATA ELEMENT F, LDF (RLIN) | |
| a | 7 |
| b | cbc |
| c | orignew |
| d | 1 |
| e | ocip |
| f | 20 |
| g | y-gencatlg |
| 942 ## - ADDED ENTRY ELEMENTS (KOHA) | |
| Source of classification or shelving scheme | Dewey Decimal Classification |
| Koha item type | Circulation |
| Withdrawn status | Lost status | Source of classification or shelving scheme | Damaged status | Not for loan | Collection code | Home library | Current library | Date acquired | Source of acquisition | Total Checkouts | Full call number | Barcode | Date last seen | Price effective from | Koha item type |
|---|---|---|---|---|---|---|---|---|---|---|---|---|---|---|---|
| Dewey Decimal Classification | Circulation | UM Digos College - LIC | UM Digos College - LIC | 09/29/2007 | Purchased | DC 658.15 B74f 2007 | 19354 | 05/15/2025 | 09/24/2016 | Circulation |
